000 01735nam a2200373 i 4500
001 185329
003 SpMaBN
005 20250901054730.0
008 160520s2016 sp 001 0dspa d
017 _aM 26076-2015
_bOficina Depósito Legal Madrid
020 _a9788416032754
040 _cSpMaBN
080 _a821.134.2 Gimeno de Flaquer, Concepción 1.07
080 _a141.72
100 1 _aPintos, Margarita,
_d1947-
_eaut
_9159591
245 1 0 _aConcepción Gimeno de Flaquer :
_bdel "sí" de las niñas al "yo" de las mujeres /
_cMargarita Pintos de Cea-Naharro.
250 _aPrimera edición: 2016
260 _aPozuelo de Alarcón, Madrid :
_bPlaza y Valdés,
_c2016
300 _a281 páginas ;
_c23 cm.
490 1 _aCalíope: colección iberoamericana de estudios de género y teoría feminista ;
_v9
500 _aEn portada: Universidad Carlos III de Madrid ; Instituto Universitario de Estudios de Género , Locus Solus
504 _aBibliografía: páginas [247]-281
505 8 _aMéxico: El Álbum de la mujer (1883-1890) ; Madrid: El Álbum ibero americano (1890-1911)
600 1 7 _aGimeno de Flaquer, Concepción-
_xCrítica e interpretación.
_9159592
650 7 _aTeoría feminista
_2embne
_917476
740 3 2 _aEl Álbum de la mujer (1883-1890)
740 3 2 _aEl Álbum ibero americano (1890-1911)
830 1 0 _aCalíope: colección iberoamericana de estudios de género y teoría feminista
_v9
_9225190
852 _aES-MaACL
_jA-13769
_cDEPO1
_bR.151069
_dOlim: N-6769
_9192355
_hDonación: Editorial
852 4 _aES-MaACL
_jN-8232/Ej.1
_cDEPOJ
_zX-25
_9192354
_hDonación: Editorial
942 _cMONOGRAFIA
_n0
999 _c185329
_d185329